| 000 | 00941nam a2200205 a 4500 | ||
|---|---|---|---|
| 003 | 0 | ||
| 005 | 20250513111814.0 | ||
| 008 | 970101s19uu xx 00 eng d | ||
| 050 |
_aPHS RC 569.5.C55 _b.C37 2004 |
||
| 100 | _aCasilao, Sarah Mae J. | ||
| 245 |
_aA Study on the coping mechanisms of parents with autistic children enrolled in hope development center for children and center for autism and related disorder in BF homes, Parañaque City / _cSarah Mae J. Casilao. |
||
| 260 |
_aLas Piñas City, Philippines : _bSouthville International School and Colleges, _c2004. |
||
| 300 |
_a55 pages : _billustrations ; _c28 cm. |
||
| 504 | _aIncludes bibliographical references. | ||
| 650 |
_aParents of autistic children _zPhilippines _xPsychology. |
||
| 650 |
_aParental stress _zPhilippines _xCase studies. |
||
| 650 | _aCoping (Psychology). | ||
| 650 |
_aAutism spectrum disorders _zPhilippines _xFamily relationships. |
||
| 942 |
_2lcc _cPASS |
||
| 999 |
_c97092 _d97092 |
||